000 00751nam a2200241Ia 4500
003 OSt
005 20220927105503.0
006 a|||||r|||| 00| 0
007 ta
008 220926b |||||||| |||| 00| 0 eng d
024 _a172749
037 _cReference Collections
040 _aRTL
_cRTL
_beng
041 _2eng
_aeng
082 _a"V1N45,93:3.N93r, N3/UN"
110 _a"United Nations, Economic and Social Council."
_9353648
245 0 _aCommission on sustainable development.
260 _aNew
_bYork United Nations.
_c1993
300 _av; 55p.
_ccm.
700 _a"United Nations, Economic and Social Council."
_9353649
942 _h"V1N45,93:3.N93r, N3/UN"
_cCC
999 _c692825
_d692825